00721nam a2200241 a 4500001001300000003000900013005001700022008004100039020000900080082002000089100002900109245005300138260004000191300000800231500003500239505001000274650001700284700002900301902000800330942000700338952011900345999001500464nice12345678IN_TiNIC20260116012328.0050524s1983 dela grp 000 0 eng  ac5000a305.480297bACA aAcademy Of Rationalism,  aNational Seminar on the Status of Woman in Islam aDelhibAcademy of Rationalismc1983 a95p aincludes index and biblioraphy2 aIndex aMuslim Women1 aAcademy Of Rationalism,  bSRS cBK 001040708StackRoom-aHMIbHMId2008-09-09g50.00l0o305.480297 ACAp011097r2008-09-09v50.00w2005-05-24yBK c6580d6580